Регионална библиотека "Любен Каравелов" - Русе

Откриване и отстраняване на повреди в новите телевизионни приемници (Запис номер 60174)

MARC детайли
000 -Лидер
Контролно поле с фиксирана дължина 01290nam a2200313 c 4500
003 - Код на организацията, давaща контролен номер
Контролно поле BLK
005 - Дата и час на последна редакция
Контролно поле 20180420222937.0
008 - Елементи от данни с фиксирана дължина
fixed length control field 180408b bul|||||r ||||||| ||bul||
010 ## - Наследен системен номер
LC control number KNG00064312000
040 ## - Източник на каталожния запис
Идентификатор на билиотеката - собственик на записа BLK
041 ## - Код за език
Код за езика на текст/звукозапис или на отделно заглавие Български
Код за езика КДБФ Български
080 ## - УДК
Текстов определител УДК Телевизионни приемници. Телевизори
УДК код - определител по УДК 621.397.62
УДК определител .004.67(035)
УДК - код + определител 621.397.62.004.67(035)
100 1# - Редна дума - Автор
Автор Сокачев, Ангел Иванов
Авторска отговорност първи автор
R(LIN) 256112
139 ## - Редно поле
Редна дума Сокачев, Ангел Иванов
Авторски знак Сок - С 50
245 10 - Сведения за заглавието
Заглавие Откриване и отстраняване на повреди в новите телевизионни приемници
Подзаглавни данни Ръководство
Редно поле (дума) Ангел Иванов Сокачев.
257 ## - Страна на издаване
Страна на създаване/издаване България
260 ## - Област на издателските данни
-- София
Име на издателя, разпространителя и проч. Техника
Година на издаване 1989
Печатница Ямбол : Г. Димитров
300 ## - Физическа характеристика
Страници 216 с.
Илюстрации и др. със сх., 3 л. сх.
Размери/Мащаб 20 см
380 ## - Жанр
Жанр Техника
490 1# - СЕРИИ (Колекции)
Име на серия Библиотека по радиоелектроника
№: серия 8
650 #4 - Допълнително описание по предмет – тема
Основно описание – тема или топоним Телевизионни приемници и приемане
9 (RLIN) 286505
653 ## - Ключова дума – ненормативна
Ключова дума телевизори
653 ## - Ключова дума – ненормативна
Ключова дума ремонти
852 ## - Местоположение
Форматна сигнатура Цб 158757
856 4# - Електронен адрес и достъп
Електронен формат pdf - файл
Път до файла /url/
856 4# - Електронен адрес и достъп
Електронен формат pdf - файл
Път до файла /url/
942 ## - АРТИКУЛИ
Вид на библиотечния материал Книги
Скрит в OPAC Не
944 ## - СЪЗДАВАНЕ И РЕДАКЦИЯ на ЗАПИСА
Създаване/Редакция Създаване
Дата на регистрацията/редакция 13.06.2004
Служител, извършил регистрацията/редакцията Геновева_Генчева
944 ## - СЪЗДАВАНЕ И РЕДАКЦИЯ на ЗАПИСА
Създаване/Редакция Редакция
Дата на регистрацията/редакция 11.03.2010
Служител, извършил регистрацията/редакцията
999 ## - СИСТЕМНИ КОНТРОЛНИ НОМЕРА
Koha biblionumber 60174
Koha biblioitemnumber 60174
Наличности
Код за отписване Код за изгубен артикул Източник на класификационната схема Код за повреда Коз за рестрикции Код за отдаване Артикулен № Име на библиотеката - собственик Име на библиотеката, в която се намира в момента Статус (Текущо местоположение) Дата на вписване в системата Местоположение - отдел Цена в лева Инвентарен номер Систематично азбучна сигнатура Баркод Номер на екземпляра Цена в евро Служебна бележка Служебен тип на артикула
  Не е изгубен Universal Decimal Classification Не е повреден без рестрикции ползва се в читалня 98983 Регионална библиотека "Любен Каравелов" Русе Регионална библиотека "Любен Каравелов" Русе Хранилище 1989-01-01 Хранилище 1.94 520216 Цб 158757 120000520216 1 0.99 Дост: Dp Вид: Д N: стар фонд Дата: 01.01.1989 Книги
Изтеглен Не е изгубен Universal Decimal Classification Не е повреден без рестрикции заемане за дома 98984 Регионална библиотека "Любен Каравелов" Русе Регионална библиотека "Любен Каравелов" Русе Заемна - подръчен фонд 1989-01-01 Заемна - подръчен фонд 1.94 535386 П 621.397/С 50 535386 2 0.99 Дост: Pk Вид: Ф N: стар фонд Дата: 01.01.1989 Книги
Изтеглен Не е изгубен Universal Decimal Classification Не е повреден без рестрикции заемане за дома 98985 Регионална библиотека "Любен Каравелов" Русе Регионална библиотека "Любен Каравелов" Русе Заемна - подръчен фонд 1989-01-01 Заемна - подръчен фонд 1.94 535390 П 621.397/С 50 535390 3 0.99 Дост: Pk Вид: Ф N: стар фонд Дата: 01.01.1989 Книги
Изтеглен Не е изгубен Universal Decimal Classification Не е повреден без рестрикции заемане за дома 98986 Регионална библиотека "Любен Каравелов" Русе Регионална библиотека "Любен Каравелов" Русе Заемна - подръчен фонд 1989-01-01 Заемна - подръчен фонд 1.94 535391 П 621.397/С 50 535391 4 0.99 Дост: Pk Вид: Ф N: стар фонд Дата: 01.01.1989 Книги
Изтеглен Не е изгубен Universal Decimal Classification Не е повреден без рестрикции ползва се в читалня 98987 Регионална библиотека "Любен Каравелов" Русе Регионална библиотека "Любен Каравелов" Русе Читалня 1989-01-01 Читалня 1.94 535392 Ч 621.397/С 50 535392 5 0.99 Дост: Pk Вид: Ф N: стар фонд Дата: 01.01.1989 Дата инв: 24.03.2017 Бележки инв: Ч2017 Книги
Vip Innovations Ltd, Rousse, Bulgaria 2025